Fundamentals of Engineering Drawing (Record no. 544865)
[ view plain ]
| 000 -LEADER | |
|---|---|
| fixed length control field | 00433nam a22001457a 4500 |
| 082 ## - DEWEY DECIMAL CLASSIFICATION NUMBER | |
| Classification number | 604.2 |
| Author Mark | LUZ |
| -- | L-12,P-51 |
| 100 ## - MAIN ENTRY--PERSONAL NAME | |
| Personal name | Luzadder Warren J |
| 9 (RLIN) | 40613 |
| 245 ## - TITLE STATEMENT | |
| Title | Fundamentals of Engineering Drawing |
| Statement of responsibility, etc. | Warren J Luzadder |
| 250 ## - EDITION STATEMENT | |
| Edition statement | volumn6. |
| 260 ## - PUBLICATION, DISTRIBUTION, ETC. | |
| Place of publication, distribution, etc. | New Jersey : |
| Name of publisher, distributor, etc. | National Book Foundation , |
| Date of publication, distribution, etc. | 1972. |
| 300 ## - PHYSICAL DESCRIPTION | |
| Extent | 706p.: |
| Other physical details | ill,; |
| Dimensions | 25 cm. |
| 526 ## - STUDY PROGRAM INFORMATION NOTE | |
| Program name | 0 |
| Interest level | 0 |
| Reading level | 0 |
| Title point value | 604_200000000000000_LUZ |
| 650 ## - SUBJECT ADDED ENTRY--TOPICAL TERM | |
| Topical term or geographic name entry element | MCE |
| 9 (RLIN) | 379 |
| 942 ## - ADDED ENTRY ELEMENTS (KOHA) | |
| Source of classification or shelving scheme | |
| Koha item type | Book |
| Withdrawn status | Lost status | Source of classification or shelving scheme | Damaged status | Not for loan | Permanent Location | Current Location | Date acquired | Total Checkouts | Full call number | Barcode | Date last seen | Date last checked out | Price effective from | Koha item type |
|---|---|---|---|---|---|---|---|---|---|---|---|---|---|---|
| Military College of Engineering (MCE) | Military College of Engineering (MCE) | 05/13/2014 | 1 | 604.2 LUZ | MCE-70046 | 05/14/2014 | 05/14/2014 | 05/13/2014 | Book |
